X-Men: First Class (2011) Characters - Statistics

General Stats
  • This quiz has been taken 23 times
  • The average score is 10 of 13
Answer Stats
Hint Answer % Correct
James McAvoy/Laurence Belcher Charles Xavier/Professor X
100%
Michael Fassbender/Bill Milner Magneto/Erik Lensher
100%
Nicholas Hoult Beast/Hank McCoy
95%
Morgan Lily/Jennifer Lawrence Raven Darkholme/Mystique
95%
Lucas Till Havok/Alex Summers
90%
Caleb Landry Jones Sean Cassidy/Banshee
86%
January Jones Emma Frost/White Queen
76%
Kevin Bacon Sebastian Shaw
76%
Rose Byrne Moira MacTaggert
71%
Zoe Kravitz Angel Salvadore/Tempest
57%
Jason Flemyng Azazel
57%
Alex Gonzalez Riptide/Jonas Quested
48%
Don Creech William Stryker
24%
No matching quizzes found
Score Distribution
Percent of People with Each Score
Percentile by Number Answered
Your Score History
You have not taken this quiz